00946nam a2200253 a 450000100060000000300080000600500170001400800410003103500190007204000270009104100080011808200250012610000370015124500910018826000460027930000260032550400360035165000390038765100490042665100430047594200120051899900170053095201450054764252BD-RjUL20211209081303.0170212s1954 enk b 001 0 eng  a(BD-RjUL)64382 aDLCcDLCdBD-RjULbeng aeng 223a940.53bJOJ 19541 aJones, Francis Clifford.919081510aJapan's new order in east Asia :bits rise and fall, 1937-45 /cFrancis Clifford Jones aLondon :bOxford University Press,c1954. axii, 498 p. ;c23 cm. aIncludes index and bibliography 0aWorld politicsy1933-1945.9190816 0aJapanxForeign relationsy1912-1945.9190817 0aAsiaxPolitics and government.9172876 2ddccBK c64252d64252 00102ddc40718NFICaRUCLbRUCLcReadingd1955-09-08eB.H. black Wellg18.00l0o940.53 JOJ 1954r2017-02-12 00:00:00tC-1w2017-02-12yBK